000
00212 a2200097 4500
001
33377
100
_a
Vandana, S.
245
_a
Alternative energy
260
_a
New Delhi
_b
APh Pub
_c
2002
090
_c
22244
_d
22244
942
_a
NUST-CAE
_c
M
_c
13608
999
_c
268450
_d
268450